[Event "Malmo op"]
[Site "Malmo"]
[Date "2023.12.15"]
[Round "4"]
[White "Pedersen, Daniel Vesterbaek"]
[Black "Hoi, Carsten"]
[Result "1/2-1/2"]
[WhiteElo "2186"]
[BlackElo "2313"]
[PlyCount "30"]
[EventDate "2023.12.15"]
[EventType "swiss"]
[EventRounds "8"]
[EventCountry "SWE"]
[SourceTitle "CB51_2023"]
[SourceDate "2023.12.20"]
[SourceVersion "1"]
[SourceVersionDate "2023.12.20"]
[SourceQuality "1"]

1. e4 e5 2. Nf3 Nc6 3. Nc3 g6 4. g3 Bg7 5. Bg2 d6 6. d3 Nge7 7. Be3 0-0 8. Qd2 Nd4 9. Ne2 Nxf3+ 10. Bxf3 d5 11. exd5 Nxd5 12. Bh6 f5 13. Bxg7 Kxg7 14. Nc3 c6 15. 0-0-0 Nxc3 1/2-1/2

[Event "Copenhagen GoAudit op"]
[Site "Copenhagen"]
[Date "2023.11.11"]
[Round "4"]
[White "Gregor, Bjarke"]
[Black "Hoi, Carsten"]
[Result "0-1"]
[WhiteElo "2155"]
[BlackElo "2323"]
[PlyCount "78"]
[EventDate "2023.11.10"]
[EventType "swiss"]
[EventRounds "7"]
[EventCountry "DEN"]
[SourceTitle "CB47_2023"]
[SourceDate "2023.11.22"]
[SourceVersion "1"]
[SourceVersionDate "2023.11.22"]
[SourceQuality "1"]

1. e4 e5 2. Nf3 Nc6 3. Bc4 d6 4. c3 g6 5. d4 Bg7 6. Bg5 f6 7. Bh4 Nge7 8. a4 Bg4 9. d5 Nb8 10. Nbd2 g5 11. Bg3 Ng6 12. h3 Bc8 13. Nf1 Nd7 14. Ne3 Nc5 15. Qc2 a5 16. Bb5+ Kf7 17. b4 Na6 18. Rb1 Rf8 19. h4 h6 20. Nf5 Bxf5 21. exf5 Ne7 22. hxg5 hxg5 23. Qe4 Qc8 24. Bd3 Qd7 25. Nxg5+ fxg5 26. f6 Kxf6 27. Bh4 Rh8 28. f4 Kf7 29. fxg5 Raf8 30. Bb5 Qc8 31. Kd2 Kg8 32. Rbf1 Nf5 33. Bd3 Nxh4 34. Rxh4 Rxh4 35. Qxh4 Rxf1 36. Qh7+ Kf8 37. Bxf1 Qg4 38. Qg6 Qf4+ 39. Ke1 e4 0-1

[Event "DEN-chT 2324 61st"]
[Site "Denmark"]
[Date "2023.10.29"]
[Round "2.5"]
[White "Hansen, Lars"]
[Black "Hoi, Carsten"]
[Result "0-1"]
[WhiteElo "2189"]
[BlackElo "2323"]
[PlyCount "55"]
[EventDate "2023.10.28"]
[EventType "team-tourn"]
[EventRounds "9"]
[EventCountry "DEN"]
[SourceTitle "Mega2024 Update 01"]
[Source "Chessbase"]
[SourceDate "2023.11.12"]
[SourceVersion "1"]
[SourceVersionDate "2023.11.12"]
[SourceQuality "1"]
[WhiteTeam "Copenhagen 68"]
[BlackTeam "Bronshoj"]
[WhiteTeamCountry "DEN"]
[BlackTeamCountry "DEN"]

1. e4 e5 2. Nf3 Nc6 3. d4 exd4 4. Bc4 d6 5. Nxd4 g6 6. 0-0 Bg7 7. Nxc6 bxc6 8. Nc3 Ne7 9. Bg5 Be6 10. Qe2 Qd7 11. f4 Bxc4 12. Qxc4 Qe6 13. Qa4 f6 14. Nd5 Kd7 15. Nxe7 Qxe7 16. Bh4 Qe6 17. Rad1 Rhe8 18. Rfe1 g5 19. Bg3 gxf4 20. Bxf4 Qg4 21. g3 f5 22. h3 Qxh3 23. e5 Bxe5 24. Rxe5 Rxe5 25. Bxe5 Re8 26. Qf4 Qh5 27. Rd2 Kc8 28. Bd4 0-1

[Event "DEN-ch Blitz op"]
[Site "Avedore"]
[Date "2023.05.14"]
[Round "1"]
[White "Hoi, Carsten"]
[Black "Eriksson, Christian Altenburg"]
[Result "1/2-1/2"]
[WhiteElo "2323"]
[BlackElo "2152"]
[PlyCount "43"]
[EventDate "2023.05.14"]
[EventType "swiss (blitz)"]
[EventRounds "13"]
[EventCountry "DEN"]
[SourceTitle "CBM 214 Extra"]
[Source "ChessBase"]
[SourceDate "2023.07.31"]
[SourceVersion "1"]
[SourceVersionDate "2023.07.31"]
[SourceQuality "1"]

1. d4 d5 2. Nf3 Nf6 3. c4 dxc4 4. e3 e6 5. Bxc4 c5 6. 0-0 a6 7. b3 Nbd7 8. Bb2 b5 9. Be2 Bb7 10. Nbd2 Be7 11. a4 Qb6 12. axb5 axb5 13. Rxa8+ Bxa8 14. Qc2 0-0 15. Rc1 Nd5 16. dxc5 Bxc5 17. Ne4 Be7 18. Bd4 Qb7 19. Neg5 g6 20. Bf1 Bf6 21. Bxf6 N7xf6 22. Nh3 1/2-1/2

[Event "DEN-ch Blitz op"]
[Site "Avedore"]
[Date "2023.05.14"]
[Round "3"]
[White "Hoi, Carsten"]
[Black "Kistrup, Nicolai"]
[Result "0-1"]
[WhiteElo "2323"]
[BlackElo "2319"]
[PlyCount "54"]
[EventDate "2023.05.14"]
[EventType "swiss (blitz)"]
[EventRounds "13"]
[EventCountry "DEN"]
[SourceTitle "CBM 214 Extra"]
[Source "ChessBase"]
[SourceDate "2023.07.31"]
[SourceVersion "1"]
[SourceVersionDate "2023.07.31"]
[SourceQuality "1"]

1. d4 Nf6 2. Nc3 d5 3. Bg5 c5 4. Bxf6 gxf6 5. e4 dxe4 6. dxc5 Qxd1+ 7. Rxd1 Be6 8. Bb5+ Nc6 9. Nge2 f5 10. Nf4 Rc8 11. b4 Bg7 12. Nce2 Bd7 13. c3 e6 14. 0-0 Ke7 15. a4 Rhd8 16. f3 a6 17. Bc4 Ne5 18. Ba2 exf3 19. gxf3 Bxa4 20. Rd4 Bc6 21. Rxd8 Rxd8 22. Nd4 Bh6 23. Ng2 Rg8 24. Kf2 Nd3+ 25. Ke2 Rxg2+ 26. Kxd3 Rd2+ 27. Kc4 Bd5# 0-1

[Event "DEN-ch Blitz op"]
[Site "Avedore"]
[Date "2023.05.14"]
[Round "7"]
[White "Hoi, Carsten"]
[Black "Skytte, Rasmus"]
[Result "0-1"]
[WhiteElo "2323"]
[BlackElo "2356"]
[PlyCount "66"]
[EventDate "2023.05.14"]
[EventType "swiss (blitz)"]
[EventRounds "13"]
[EventCountry "DEN"]
[SourceTitle "CBM 214 Extra"]
[Source "ChessBase"]
[SourceDate "2023.07.31"]
[SourceVersion "1"]
[SourceVersionDate "2023.07.31"]
[SourceQuality "1"]

1. d4 Nf6 2. c4 c5 3. e3 g6 4. Nc3 Bg7 5. Nf3 0-0 6. d5 d6 7. Be2 e6 8. e4 Na6 9. 0-0 Nc7 10. h3 exd5 11. exd5 b5 12. cxb5 a6 13. bxa6 Bxa6 14. Bxa6 Rxa6 15. Bg5 Qa8 16. Bxf6 Bxf6 17. Ne4 Bxb2 18. Rb1 Bg7 19. Qb3 Nxd5 20. Rfd1 Nb4 21. Nxd6 Ra3 22. Qc4 Rc3 23. Qh4 Rxf3 24. gxf3 Qxf3 25. Qg4 Qf6 26. Ne4 Qe5 27. Ng5 h5 28. Qg2 Qf5 29. a3 Nd3 30. Rb3 Nf4 31. Qf3 Qxg5+ 32. Kh1 Ne6 33. a4 Nd4 0-1

[Event "DEN-ch Rapid op"]
[Site "Avedore"]
[Date "2023.05.13"]
[Round "5"]
[White "Gregor, Bjarke"]
[Black "Hoi, Carsten"]
[Result "0-1"]
[WhiteElo "2091"]
[BlackElo "2323"]
[PlyCount "88"]
[EventDate "2023.05.13"]
[EventType "swiss (rapid)"]
[EventRounds "7"]
[EventCountry "DEN"]
[SourceTitle "CBM 214 Extra"]
[Source "ChessBase"]
[SourceDate "2023.07.31"]
[SourceVersion "1"]
[SourceVersionDate "2023.07.31"]
[SourceQuality "1"]

1. e4 g6 2. d4 Bg7 3. Nc3 d6 4. Be3 c6 5. Nf3 b5 6. Qd2 Nd7 7. Bd3 Nb6 8. a4 bxa4 9. Nxa4 Bg4 10. Ng1 Bd7 11. Nc3 Nf6 12. f3 0-0 13. Nge2 Qc7 14. h4 h5 15. Bh6 Kh7 16. Bg5 c5 17. e5 cxd4 18. exf6 dxc3 19. Nxc3 exf6 20. Bf4 Rfe8+ 21. Kf2 f5 22. Rhe1 Qc5+ 23. Kg3 Be5 24. Kh3 a5 25. Ne2 a4 26. c3 Nd5 27. Bc2 Bb5 28. Bxe5 dxe5 29. Ng3 Nf4+ 30. Kh2 Rad8 31. Qc1 Qf2 32. Rg1 Rd2 33. Bxa4 Nxg2 34. Qxd2 Qxd2 35. Rxg2 Qd7 36. Bc2 Qe7 37. Kh3 e4 38. Re1 f4 39. Rxe4 Bd7+ 40. Kh2 Qxh4+ 41. Kg1 fxg3 42. Rxe8 Bxe8 43. Be4 Qf4 44. Kf1 Bb5+ 0-1

[Event "DEN-ch Rapid op"]
[Site "Avedore"]
[Date "2023.05.13"]
[Round "7"]
[White "Thorsbro, Peter"]
[Black "Hoi, Carsten"]
[Result "0-1"]
[WhiteElo "2165"]
[BlackElo "2323"]
[PlyCount "136"]
[EventDate "2023.05.13"]
[EventType "swiss (rapid)"]
[EventRounds "7"]
[EventCountry "DEN"]
[SourceTitle "CBM 214 Extra"]
[Source "ChessBase"]
[SourceDate "2023.07.31"]
[SourceVersion "1"]
[SourceVersionDate "2023.07.31"]
[SourceQuality "1"]

1. d4 d5 2. Nf3 Nf6 3. g3 Bf5 4. Bg2 e6 5. 0-0 h6 6. c4 Nbd7 7. Nc3 c6 8. Nd2 Be7 9. e4 dxe4 10. Ndxe4 0-0 11. Bf4 Nxe4 12. Nxe4 Nb6 13. Rc1 Bxe4 14. Bxe4 Bg5 15. Bxg5 Qxg5 16. h4 Qf6 17. Bb1 Rad8 18. Qc2 g6 19. h5 Kg7 20. hxg6 fxg6 21. Rcd1 Rf7 22. Rd2 Nd7 23. Re1 Nf8 24. Re4 Qg5 25. Qd1 h5 26. Qe2 b6 27. Kg2 c5 28. Re5 Qf6 29. d5 exd5 30. cxd5 Rdd7 31. Rd3 Rde7 32. Rde3 Rxe5 33. Rxe5 Qd6 34. Qe4 Qf6 35. f3 b5 36. Qe3 c4 37. f4 b4 38. Qe2 c3 39. bxc3 bxc3 40. Bc2 h4 41. Qe4 hxg3 42. Kxg3 Qb6 43. Re6 Qg1+ 44. Kh3 Nxe6 45. dxe6 Rf5 46. Qb7+ Kh6 47. Bxf5 gxf5 48. Qf7 Qg4+ 49. Kh2 Qxf4+ 50. Kg2 Qe4+ 51. Kf2 Qd4+ 52. Ke2 Qd2+ 53. Kf3 Qd3+ 54. Kf2 c2 55. Qf8+ Kg5 56. Qg7+ Kf4 57. Qh6+ Ke4 58. e7 Qf3+ 59. Kg1 Qg3+ 60. Kf1 Qf4+ 61. Qxf4+ Kxf4 62. e8Q c1Q+ 63. Ke2 Qc2+ 64. Kf1 Qb1+ 65. Kg2 Qe4+ 66. Qxe4+ Kxe4 67. Kf2 a5 68. Ke2 a4 0-1

[Event "Koge op 4th"]
[Site "Koge"]
[Date "2023.04.23"]
[Round "7"]
[White "Jacobsen, Mikkel Manosri"]
[Black "Hoi, Carsten"]
[Result "1/2-1/2"]
[WhiteElo "2309"]
[BlackElo "2328"]
[PlyCount "25"]
[EventDate "2023.04.21"]
[EventType "swiss"]
[EventRounds "7"]
[EventCountry "DEN"]
[SourceTitle "EXT 2024"]
[Source "ChessBase"]
[SourceDate "2023.10.10"]
[SourceVersion "1"]
[SourceVersionDate "2023.10.10"]
[SourceQuality "1"]

1. c4 g6 2. g3 Bg7 3. Bg2 Nf6 4. Nc3 0-0 5. d4 d6 6. h3 Nc6 7. Nf3 e5 8. Be3 Re8 9. dxe5 dxe5 10. Rc1 Be6 11. Qxd8 Rc8 12. Qxe8+ Rxe8 13. Nb5 1/2-1/2

[Event "Koge op 4th"]
[Site "Koge"]
[Date "2023.04.21"]
[Round "2"]
[White "Koch Mueller, Oscar"]
[Black "Hoi, Carsten"]
[Result "1/2-1/2"]
[WhiteElo "2167"]
[BlackElo "2328"]
[PlyCount "89"]
[EventDate "2023.04.21"]
[EventType "swiss"]
[EventRounds "7"]
[EventCountry "DEN"]
[SourceTitle "EXT 2024"]
[Source "ChessBase"]
[SourceDate "2023.10.10"]
[SourceVersion "1"]
[SourceVersionDate "2023.10.10"]
[SourceQuality "1"]

1. d4 Nf6 2. Nf3 g6 3. e3 Bg7 4. Bd3 0-0 5. 0-0 d6 6. Nbd2 Nc6 7. c4 e5 8. dxe5 dxe5 9. Ne4 Bg4 10. Nxf6+ Qxf6 11. Be4 Bf5 12. Bxf5 Qxf5 13. Qb3 e4 14. Nd4 Nxd4 15. exd4 Bxd4 16. Qxb7 Rab8 17. Qxc7 Rfc8 18. Qe7 Rxc4 19. Be3 Bc5 20. Bxc5 Qxc5 21. Qxc5 Rxc5 22. b3 Rc2 23. Rfc1 Rbc8 24. Rxc2 Rxc2 25. g4 f5 26. gxf5 gxf5 27. Rd1 Rxa2 28. Rd5 f4 29. Rg5+ Kh8 30. Re5 Re2 31. Re7 a5 32. Re5 Kg7 33. Rxa5 Kf6 34. h4 Rb2 35. Rb5 Ke6 36. Rb7 Kf5 37. Rxh7 Kg4 38. Rg7+ Kf3 39. h5 Rxb3 40. h6 Rb1+ 41. Kh2 Rb6 42. h7 Rh6+ 43. Kg1 Ke2 44. Kg2 e3 45. Re7 1/2-1/2

[Event "DEN-chT 2223 60th"]
[Site "Denmark"]
[Date "2023.03.25"]
[Round "8.5"]
[White "Baekgaard, Martin"]
[Black "Hoi, Carsten"]
[Result "1/2-1/2"]
[WhiteElo "2296"]
[BlackElo "2344"]
[PlyCount "98"]
[EventDate "2022.10.29"]
[EventType "team-tourn"]
[EventRounds "9"]
[EventCountry "DEN"]
[SourceTitle "CBM 213 Extra"]
[Source "ChessBase"]
[SourceDate "2023.05.31"]
[SourceVersion "1"]
[SourceVersionDate "2023.05.31"]
[SourceQuality "1"]
[WhiteTeam "Aarhus/Skolerne"]
[BlackTeam "Bronshoj"]
[WhiteTeamCountry "DEN"]
[BlackTeamCountry "DEN"]

1. d4 Nf6 2. c4 g6 3. Nc3 Bg7 4. e4 d6 5. Nf3 0-0 6. Be2 e5 7. 0-0 Nc6 8. d5 Ne7 9. b4 h6 10. Ne1 Nh7 11. Nd3 f5 12. f3 g5 13. c5 Ng6 14. Be3 Nf4 15. Rc1 Bd7 16. Nf2 Nxe2+ 17. Qxe2 f4 18. Bd2 h5 19. c6 bxc6 20. Qc4 c5 21. bxc5 g4 22. Ne2 Ng5 23. Rc3 Rb8 24. a4 Qe8 25. Ra1 Qg6 26. Kh1 h4 27. fxg4 f3 28. Bxg5 fxg2+ 29. Kxg2 Qxg5 30. h3 Rb2 31. Rb3 Rd2 32. Raa3 Be8 33. Rf3 Bg6 34. cxd6 cxd6 35. Rxf8+ Bxf8 36. Rf3 Bg7 37. Nc3 Qd8 38. Rd3 Rb2 39. Ncd1 Rb8 40. Ne3 Rb2 41. Rb3 Bxe4+ 42. Kg1 Rxb3 43. Qxb3 Bg6 44. Qb7 a5 45. Qc6 e4 46. Nf5 Bxf5 47. gxf5 Bd4 48. Kf1 Qb8 49. Qc2 Bxf2 1/2-1/2

[Event "DEN-chT 2223 60th"]
[Site "Denmark"]
[Date "2023.03.05"]
[Round "7.3"]
[White "Sylvan, Jacob"]
[Black "Hoi, Carsten"]
[Result "1/2-1/2"]
[WhiteElo "2310"]
[BlackElo "2344"]
[PlyCount "41"]
[EventDate "2022.10.29"]
[EventType "team-tourn"]
[EventRounds "9"]
[EventCountry "DEN"]
[SourceTitle "CBM 213 Extra"]
[Source "ChessBase"]
[SourceDate "2023.05.31"]
[SourceVersion "1"]
[SourceVersionDate "2023.05.31"]
[SourceQuality "1"]
[WhiteTeam "Nordkalotten"]
[BlackTeam "Bronshoj"]
[WhiteTeamCountry "DEN"]
[BlackTeamCountry "DEN"]

1. e4 e5 2. Nf3 Nc6 3. Bb5 a6 4. Ba4 d6 5. 0-0 Bd7 6. c3 g6 7. d4 Bg7 8. h3 Nf6 9. Re1 Qe7 10. d5 Nd8 11. c4 b5 12. cxb5 axb5 13. Bc2 0-0 14. Bg5 h6 15. Be3 Nh5 16. Nc3 b4 17. Ne2 f5 18. Bd2 Rb8 19. Nc1 Qf7 20. Nd3 fxe4 21. Rxe4 1/2-1/2

[Event "DEN-chT 2223 60th"]
[Site "Denmark"]
[Date "2022.10.30"]
[Round "2.5"]
[White "Hoi, Carsten"]
[Black "Jacobsen, Mikkel Manosri"]
[Result "0-1"]
[WhiteElo "2344"]
[BlackElo "2267"]
[PlyCount "68"]
[EventDate "2022.10.29"]
[EventType "team-tourn"]
[EventRounds "9"]
[EventCountry "DEN"]
[SourceTitle "EXT 2024"]
[Source "ChessBase"]
[SourceDate "2023.10.10"]
[SourceVersion "1"]
[SourceVersionDate "2023.10.10"]
[SourceQuality "1"]
[WhiteTeam "Bronshoj"]
[BlackTeam "BMS"]
[WhiteTeamCountry "DEN"]
[BlackTeamCountry "DEN"]

1. d4 d5 2. c4 e6 3. Nc3 a6 4. cxd5 exd5 5. Nf3 h6 6. Bf4 Nf6 7. e3 Bd6 8. Bg3 Bf5 9. Bh4 c6 10. Ne5 Qb6 11. Bd3 Qxb2 12. 0-0 Qxc3 13. Rc1 Qa5 14. Bxf5 Be7 15. f4 g6 16. Bxg6 fxg6 17. Bxf6 Bxf6 18. Qg4 0-0 19. Qxg6+ Bg7 20. f5 Qa3 21. Qe6+ Kh7 22. Ng4 Qd3 23. Rf3 Qe4 24. Qg6+ Kh8 25. Ne5 Qh4 26. Nf7+ Kg8 27. Rh3 Qxh3 28. gxh3 Rxf7 29. Kh1 Nd7 30. Rg1 Re8 31. Qxh6 Ree7 32. Rxg7+ Rxg7 33. f6 Nxf6 34. Qxf6 Ref7 0-1

[Event "Koge Lang Sommer 3rd"]
[Site "Koge"]
[Date "2022.07.09"]
[Round "7"]
[White "Thorsbro, Peter"]
[Black "Hoi, Carsten"]
[Result "1-0"]
[WhiteElo "2171"]
[BlackElo "2348"]
[PlyCount "83"]
[EventDate "2022.07.06"]
[EventType "tourn"]
[EventRounds "9"]
[EventCountry "DEN"]
[SourceTitle "CBM 209 Extra"]
[Source "ChessBase"]
[SourceDate "2022.09.30"]
[SourceVersion "1"]
[SourceVersionDate "2022.09.30"]
[SourceQuality "1"]

1. d4 g6 2. Nf3 Bg7 3. g3 Nf6 4. Bg2 0-0 5. 0-0 d6 6. c4 Bg4 7. Qb3 Qc8 8. Ne5 c6 9. Nxg4 Nxg4 10. h3 Nf6 11. e4 Nbd7 12. f4 Qc7 13. e5 Ne8 14. Nc3 Qb6 15. Be3 Nc7 16. Qc2 dxe5 17. Na4 Qa6 18. dxe5 Nb6 19. Nxb6 axb6 20. b3 b5 21. cxb5 Qxb5 22. a4 Qa5 23. Bc5 Rae8 24. Rfd1 Ne6 25. b4 Qc7 26. Bf2 Kh8 27. Qc4 Rd8 28. a5 Rxd1+ 29. Rxd1 Kg8 30. Bb6 Qc8 31. b5 g5 32. a6 bxa6 33. bxa6 gxf4 34. a7 Qb7 35. Qxc6 Qa6 36. a8Q Qe2 37. Qaa4 fxg3 38. Qf3 Qxe5 39. Be3 Rc8 40. Qd7 Rf8 41. Qxe7 Nd4 42. Qxf8+ 1-0

[Event "Koge Lang Sommer 3rd"]
[Site "Koge"]
[Date "2022.07.08"]
[Round "5"]
[White "Andersen, Soren Mikkel"]
[Black "Hoi, Carsten"]
[Result "1/2-1/2"]
[WhiteElo "2139"]
[BlackElo "2348"]
[PlyCount "40"]
[EventDate "2022.07.06"]
[EventType "tourn"]
[EventRounds "9"]
[EventCountry "DEN"]
[SourceTitle "CBM 209 Extra"]
[Source "ChessBase"]
[SourceDate "2022.09.30"]
[SourceVersion "1"]
[SourceVersionDate "2022.09.30"]
[SourceQuality "1"]

1. d4 g6 2. c4 Bg7 3. Nc3 d6 4. e4 e5 5. Nf3 Nc6 6. Be3 Bg4 7. d5 Nd4 8. Be2 Bxf3 9. Bxf3 c5 10. dxc6 bxc6 11. b4 Ne7 12. Qa4 0-0 13. 0-0 f5 14. Rad1 Nxf3+ 15. gxf3 Qd7 16. c5 fxe4 17. Rxd6 Qh3 18. fxe4 Qg4+ 19. Kh1 Qf3+ 20. Kg1 Rf4 1/2-1/2

[Event "Koge Lang Sommer 3rd"]
[Site "Koge"]
[Date "2022.07.08"]
[Round "6"]
[White "Hoi, Carsten"]
[Black "Pedersen, Daniel Vesterbaek"]
[Result "1/2-1/2"]
[WhiteElo "2348"]
[BlackElo "2186"]
[PlyCount "25"]
[EventDate "2022.07.06"]
[EventType "tourn"]
[EventRounds "9"]
[EventCountry "DEN"]
[SourceTitle "CBM 209 Extra"]
[Source "ChessBase"]
[SourceDate "2022.09.30"]
[SourceVersion "1"]
[SourceVersionDate "2022.09.30"]
[SourceQuality "1"]

1. d4 Nf6 2. Nf3 e6 3. Bg5 h6 4. Bh4 d6 5. Nbd2 g5 6. Bg3 Nh5 7. e3 Bg7 8. c3 Nd7 9. Qc2 a6 10. Bd3 Nxg3 11. hxg3 Qe7 12. a4 b6 13. b4 1/2-1/2

[Event "Koge Lang Sommer 3rd"]
[Site "Koge"]
[Date "2022.07.06"]
[Round "1"]
[White "Hoi, Carsten"]
[Black "Birkisson, Bjorn Holm"]
[Result "1-0"]
[WhiteElo "2348"]
[BlackElo "2095"]
[PlyCount "41"]
[EventDate "2022.07.06"]
[EventType "tourn"]
[EventRounds "9"]
[EventCountry "DEN"]
[SourceTitle "CBM 209 Extra"]
[Source "ChessBase"]
[SourceDate "2022.09.30"]
[SourceVersion "1"]
[SourceVersionDate "2022.09.30"]
[SourceQuality "1"]

1. d4 Nf6 2. c4 e6 3. Nc3 d5 4. Bg5 Be7 5. e3 0-0 6. Nf3 Nbd7 7. Rc1 b6 8. cxd5 exd5 9. Bd3 c5 10. 0-0 Bb7 11. Qe2 Ne4 12. Bf4 cxd4 13. exd4 Ndf6 14. Ne5 a6 15. Na4 Re8 16. f3 Nd6 17. g4 Nd7 18. Nxd7 Qxd7 19. Nxb6 Qd8 20. Nxa8 Qxa8 21. Qc2 1-0

[Event "Kolding SonFlow Cup-A"]
[Site "Kolding"]
[Date "2022.04.30"]
[Round "2"]
[White "Hoi, Carsten"]
[Black "Danielsen, Henrik"]
[Result "0-1"]
[WhiteElo "2359"]
[BlackElo "2531"]
[PlyCount "76"]
[EventDate "2022.04.29"]
[EventType "tourn"]
[EventRounds "5"]
[EventCountry "DEN"]
[EventCategory "4"]
[SourceTitle "CBM 208 Extra"]
[Source "ChessBase"]
[SourceDate "2022.07.31"]
[SourceVersion "1"]
[SourceVersionDate "2022.07.31"]
[SourceQuality "1"]

1. d4 d5 2. c4 c6 3. Nf3 Nf6 4. Nc3 a6 5. e3 Bf5 6. Bd3 Bxd3 7. Qxd3 e6 8. 0-0 Bb4 9. a3 Bxc3 10. bxc3 0-0 11. a4 Qc7 12. Ba3 Rc8 13. Nd2 Nbd7 14. h3 b5 15. cxb5 axb5 16. axb5 cxb5 17. Bb4 Qc6 18. f3 Nb6 19. Rxa8 Rxa8 20. e4 Nc4 21. e5 Nh5 22. Nxc4 Qxc4 23. Qe3 Ng3 24. Re1 Nf5 25. Qe2 Ra2 26. Qxc4 bxc4 27. Rf1 h5 28. g4 Ne3 29. Rf2 Ra1+ 30. Kh2 Nd1 31. Rf1 Ra2+ 32. Kg1 Rd2 33. gxh5 Rd3 34. h6 gxh6 35. Kh2 Nxc3 36. Be7 Rd2+ 37. Kh1 Ne2 38. Ra1 c3 0-1

[Event "DEN-ch"]
[Site "Svendborg"]
[Date "2022.04.11"]
[Round "3"]
[White "Sylvan, Jacob"]
[Black "Hoi, Carsten"]
[Result "1/2-1/2"]
[WhiteElo "2319"]
[BlackElo "2359"]
[PlyCount "81"]
[EventDate "2022.04.09"]
[EventType "tourn"]
[EventRounds "9"]
[EventCountry "DEN"]
[EventCategory "8"]
[SourceTitle "CBM 207 Extra"]
[Source "ChessBase"]
[SourceDate "2022.05.31"]
[SourceVersion "1"]
[SourceVersionDate "2022.05.31"]
[SourceQuality "1"]

1. e4 e6 2. d4 d5 3. Nc3 Nf6 4. e5 Nfd7 5. f4 c5 6. Nf3 Nc6 7. Be3 a6 8. Qd2 b5 9. dxc5 Bxc5 10. Bd3 d4 11. Nxd4 Nxd4 12. Ne4 Bb7 13. 0-0-0 0-0 14. Nxc5 Nxc5 15. Bxd4 Nxd3+ 16. Qxd3 Qd5 17. Kb1 Qxg2 18. Rhg1 Qf3 19. f5 Qxd3 20. cxd3 Rfd8 21. Bc3 a5 22. f6 g6 23. b4 a4 24. a3 Kf8 25. Rd2 Ke8 26. Bb2 Be4 27. Rgd1 Bf5 28. Ka1 Rac8 29. Rc1 Rxc1+ 30. Bxc1 Rc8 31. Bb2 g5 32. Bd4 Rd8 33. Be3 g4 34. d4 Be4 35. Kb2 Kd7 36. Rd1 Rc8 37. Rd2 h5 38. Bf2 Kc6 39. d5+ Bxd5 40. Rc2+ Bc4 41. Rd2 1/2-1/2

[Event "DEN-chT 2122 59th"]
[Site "Denmark"]
[Date "2022.02.27"]
[Round "7.1"]
[White "Hoi, Carsten"]
[Black "Rewitz, Poul"]
[Result "1/2-1/2"]
[WhiteElo "2348"]
[BlackElo "2264"]
[PlyCount "90"]
[EventDate "2021.10.30"]
[EventType "team-tourn"]
[EventRounds "9"]
[EventCountry "DEN"]
[SourceTitle "EXT 2023"]
[Source "ChessBase"]
[SourceDate "2022.10.05"]
[SourceVersion "1"]
[SourceVersionDate "2022.10.05"]
[SourceQuality "1"]
[WhiteTeam "Bronshoj"]
[BlackTeam "Copenhagen 68"]
[WhiteTeamCountry "DEN"]
[BlackTeamCountry "DEN"]

1. Nf3 g6 2. d4 Bg7 3. e4 c6 4. c4 d5 5. exd5 cxd5 6. Nc3 Nf6 7. cxd5 Nxd5 8. Bc4 Nxc3 9. bxc3 0-0 10. Bf4 Nc6 11. 0-0 Bg4 12. Be2 Rc8 13. Rc1 Qa5 14. Qb3 Qf5 15. Bg3 Na5 16. Qb4 b6 17. Nh4 Qd7 18. Bxg4 Qxg4 19. Qxe7 Bh6 20. h3 Qh5 21. f4 Nc4 22. Rfe1 a5 23. Nf3 Qd5 24. Qe4 Qb5 25. Ne5 Nxe5 26. dxe5 Rc4 27. Qf3 Qc6 28. Qg4 Qe6 29. Qf3 Rfc8 30. Kh2 R8c6 31. Red1 Qc8 32. Rd6 Bf8 33. Rxc6 Qxc6 34. Qxc6 Rxc6 35. Rb1 Bh6 36. h4 Kf8 37. Kh3 Rxc3 38. Kg4 Rc6 39. Rb2 f5+ 40. exf6 Rxf6 41. Rc2 Rf5 42. Rc8+ Kf7 43. Rc7+ Kg8 44. a4 Bf8 45. Rb7 Bc5 1/2-1/2

[Event "Copenhagen-ch Bronshoj op"]
[Site "Copenhagen"]
[Date "2022.02.14"]
[Round "7"]
[White "Vasli, Aref"]
[Black "Hoi, Carsten"]
[Result "0-1"]
[WhiteElo "2379"]
[BlackElo "2343"]
[PlyCount "86"]
[EventDate "2022.02.11"]
[EventType "swiss"]
[EventRounds "7"]
[EventCountry "DEN"]
[SourceTitle "EXT 2024"]
[Source "ChessBase"]
[SourceDate "2023.10.10"]
[SourceVersion "1"]
[SourceVersionDate "2023.10.10"]
[SourceQuality "1"]

1. e4 d6 2. d4 g6 3. c3 Nf6 4. Bd3 Bg7 5. Nf3 0-0 6. 0-0 Nc6 7. h3 e5 8. Bg5 h6 9. Be3 Re8 10. d5 Ne7 11. c4 Nh5 12. Nc3 Nf4 13. Bc2 g5 14. Ne1 Neg6 15. f3 h5 16. Qd2 Bh6 17. Kf2 g4 18. Rh1 Qh4+ 19. g3 Nxh3+ 20. Kg2 Bxe3 21. Qxe3 Qf6 22. Nd3 gxf3+ 23. Qxf3 Qxf3+ 24. Kxf3 Kg7 25. Ke3 a6 26. c5 Bg4 27. Bd1 Rf8 28. Bxg4 hxg4 29. Raf1 Ne7 30. cxd6 cxd6 31. Nf2 Nxf2 32. Rxf2 f5 33. Rh5 Kg6 34. Rfh2 f4+ 35. Kf2 Ng8 36. Rh7 Nf6 37. Rxb7 Rab8 38. Rxb8 Rxb8 39. Kg1 Nh5 40. gxf4 exf4 41. Re2 f3 42. Rd2 g3 43. e5 Nf4 0-1

[Event "DEN-chT 2122 59th"]
[Site "Denmark"]
[Date "2022.01.29"]
[Round "5.2"]
[White "Papp, Gabor"]
[Black "Hoi, Carsten"]
[Result "1-0"]
[WhiteElo "2594"]
[BlackElo "2348"]
[PlyCount "64"]
[EventDate "2021.10.30"]
[EventType "team-tourn"]
[EventRounds "9"]
[EventCountry "DEN"]
[SourceTitle "EXT 2023"]
[Source "ChessBase"]
[SourceDate "2022.10.05"]
[SourceVersion "1"]
[SourceVersionDate "2022.10.05"]
[SourceQuality "1"]
[WhiteTeam "Koge Xtracon"]
[BlackTeam "Bronshoj"]
[WhiteTeamCountry "DEN"]
[BlackTeamCountry "DEN"]

1. e4 e6 2. d4 d5 3. Nd2 Nf6 4. e5 Nfd7 5. f4 c5 6. c3 Nc6 7. Ndf3 Be7 8. Bd3 f5 9. Ne2 c4 10. Bc2 b5 11. a3 Nb6 12. h3 Kd7 13. g4 g6 14. Be3 Kc7 15. Bf2 Bd7 16. Kf1 a5 17. Qe1 b4 18. Bh4 b3 19. Bxe7 Qxe7 20. Bd1 Na4 21. Qd2 h6 22. Ng3 fxg4 23. hxg4 Raf8 24. Nh4 Qg7 25. Ng2 Qf7 26. Bf3 Ne7 27. Ke2 h5 28. gxh5 g5 29. Kf2 Nf5 30. Nxf5 Qxf5 31. Qe2 Be8 32. Bg4 Qh7 1-0